Introduction to the textual criticism of the New Testament (Record no. 8231)

MARC details
000 -LEADER
campo de control de longitud fija 00488ntaaa2200181 4500
003 - IDENTIFICADOR DE NÚMERO DE CONTROL
campo de control 01
005 - FECHA Y HORA DE LA ÚLTIMA TRANSACCIÓN
campo de control 20251027201355.0
008 - DATOS DE LONGITUD FIJA--INFORMACIÓN GENERAL
campo de control de longitud fija 0714s1973 ag 01
040 ## - FUENTE DE CATALOGACIÓN
Centro catalogador/agencia de origen AR-BaBN
Lengua de catalogación spa
Centro/agencia transcriptor AR-BaBN
Normas de descripción aacr
Centro/agencia modificador RIC
082 ## - NÚMERO DE LA CLASIFICACIÓN DECIMAL DEWEY
Número de clasificación 225.1000 V17
100 ## - ENTRADA PRINCIPAL--NOMBRE DE PERSONA
Nombre de persona Vaganay, Leo
9 (RLIN) 12125
245 ## - MENCIÓN DEL TÍTULO
Título Introduction to the textual criticism of the New Testament
250 ## - MENCION DE EDICION
Mención de edición 1 ed. :
Resto de la mención de edición Sands,
-- c1937
300 ## - DESCRIPCIÓN FÍSICA
Extensión 208 p.
650 ## - PUNTO DE ACCESO ADICIONAL DE MATERIA--TÉRMINO DE MATERIA
Término de materia o nombre geográfico como elemento de entrada Biblia-Crítica
9 (RLIN) 578
650 ## - PUNTO DE ACCESO ADICIONAL DE MATERIA--TÉRMINO DE MATERIA
Término de materia o nombre geográfico como elemento de entrada Nuevo Testamento-Crítica
9 (RLIN) 9964
942 ## - ELEMENTOS DE ENTRADA SECUNDARIOS (KOHA)
Tipo de ítem Koha Colección General
Holdings
Estatus retirado Estado de pérdida Estado de daño No para préstamo Biblioteca de origen Biblioteca actual Fecha de adquisición Número de inventario Total de préstamos Signatura topográfica completa Código de barras Visto por última vez Precio de reemplazo Tipo de ítem Koha
        Biblioteca Pluis Biblioteca Pluis 27/10/2025 06015   225.1000 V17 06015 27/10/2025 27/10/2025 Colección General